[Event "AUTO-INT-3102"]
[Site "http://www.queenalice.com/game.php?id=1407874"]
[Date "2016.2.6"]
[Round "1"]
[White "Quanah4"]
[Black "tiagomdorini"]
[Result "0-1"]
[WhiteElo "1500"]
[BlackElo "1469"]

1. e4 Nf6 2. Nc3 Nc6 3. f4 e5 4. fxe5 Nxe5 5. Nf3 Qe7 6. Nxe5 Qxe5 7. d4 Qa5 8.
a3 Nxe4 9. b4 Nxc3 10. bxa5 Nxd1 0-1

[Event "AUTO-INT-3102"]
[Site "http://www.queenalice.com/game.php?id=1407875"]
[Date "2016.2.6"]
[Round "1"]
[White "tiagomdorini"]
[Black "piemme"]
[Result "1-0"]
[WhiteElo "1408"]
[BlackElo "1643"]

1. e4 e5 2. Nf3 d6 3. d4 exd4 4. Nxd4 c5 5. Bb5+ Nd7 6. Nf5 a6 7. Bd3 Ngf6 8.
Qe2 b5 9. O-O c4 10. Bxc4 bxc4 11. Qxc4 a5 12. Nc3 Ba6 13. Nb5 Rc8 14. Qa4 Nb6
15. Nbxd6# 1-0

[Event "AUTO-INT-3102"]
[Site "http://www.queenalice.com/game.php?id=1407876"]
[Date "2016.2.6"]
[Round "1"]
[White "piemme"]
[Black "tiagomdorini"]
[Result "1-0"]
[WhiteElo "1636"]
[BlackElo "1417"]

1. e4 e5 2. Qh5 g6 3. Qxe5+ Qe7 4. Qxh8 Nf6 5. d3 Nc6 6. Nf3 Nb4 7. Na3 Nxc2+ 8.
Nxc2 a5 9. Bh6 Qc5 10. Ne3 Qb4+ 11. Nd2 Qxb2 12. Qxf8# 1-0

[Event "AUTO-INT-3102"]
[Site "http://www.queenalice.com/game.php?id=1407877"]
[Date "2016.2.6"]
[Round "1"]
[White "tiagomdorini"]
[Black "Tartarugus"]
[Result "0-1"]
[WhiteElo "1484"]
[BlackElo "1669"]

1. e4 e5 2. Nf3 Nc6 3. d4 d6 4. d5 Nd4 5. Nxd4 exd4 6. Qxd4 c5 7. Bb5+ Bd7 8.
Bxd7+ Qxd7 9. Qd3 Nf6 10. Bd2 Rc8 11. f4 c4 12. Qh3 Qxh3 13. gxh3 Nxe4 14. Nc3
Nxc3 15. Bxc3 Kd7 16. b3 cxb3 17. axb3 Rxc3 18. Rxa7 Kc7 19. b4 Rxc2 20. b5 Rc1+
0-1

[Event "AUTO-INT-3102"]
[Site "http://www.queenalice.com/game.php?id=1407878"]
[Date "2016.2.6"]
[Round "1"]
[White "Tartarugus"]
[Black "tiagomdorini"]
[Result "1-0"]
[WhiteElo "1660"]
[BlackElo "1493"]

1. e4 e5 2. Qf3 d6 3. Bc4 Be6 4. Bxe6 fxe6 5. Qh3 Qf6 6. Nf3 Nh6 7. d3 d5 8.
Bxh6 gxh6 9. exd5 exd5 10. O-O e4 11. Qh5+ Qg6 12. Qe5+ Kd7 13. Qxh8 Bg7 14. Qg8
exf3 15. Qxd5+ Qd6 16. Qxf3 Bxb2 17. Qxb7 Qc6 18. Qxb2 1-0

[Event "Let's Play Chess!"]
[Site "http://www.queenalice.com/game.php?id=1409084"]
[Date "2016.2.13"]
[Round "-"]
[White "pot_of_greed"]
[Black "tiagomdorini"]
[Result "1-0"]
[WhiteElo "1773"]
[BlackElo "1433"]

1. e4 e5 2. Nf3 d6 3. Nc3 Nc6 4. Bb5 a6 5. Bxc6+ bxc6 6. d4 Rb8 7. dxe5 dxe5 8.
Qxd8+ Kxd8 9. Nxe5 Be6 10. Nxc6+ Kc8 11. Nxb8 Kxb8 12. Bf4 Bb4 13. a3 Bxc3+ 14.
bxc3 Nf6 15. f3 Nh5 16. Bg3 Rd8 17. O-O Bc4 18. Rfd1 Rc8 19. Rd7 Nf6 20. Rb1+
Ka8 21. Rxc7 Rxc7 22. Bxc7 Be2 23. Be5 Ne8 24. Rb8+ Ka7 25. Rxe8 f6 26. Bd4+ 1-0

[Event "Let's Play Chess!"]
[Site "http://www.queenalice.com/game.php?id=1409085"]
[Date "2016.2.13"]
[Round "-"]
[White "pot_of_greed"]
[Black "tiagomdorini"]
[Result "1-0"]
[WhiteElo "1801"]
[BlackElo "1433"]

1. e4 e5 2. Nf3 f6 3. Nc3 Nc6 4. Bb5 a6 5. Ba4 b5 6. Bb3 b4 7. Nd5 Nge7 8. O-O
f5 9. d3 a5 10. Bc4 f4 11. Ng5 Nxd5 12. exd5 Nd4 13. Ne4 Bb7 14. Qh5+ g6 15.
Qxe5+ Be7 16. Qxh8+ 1-0

[Event "Let's Play Chess!"]
[Site "http://www.queenalice.com/game.php?id=1409086"]
[Date "2016.2.13"]
[Round "-"]
[White "tiagomdorini"]
[Black "pot_of_greed"]
[Result "0-1"]
[WhiteElo "1462"]
[BlackElo "1797"]

1. e4 e5 2. Nf3 Nc6 3. d4 d6 4. dxe5 Nxe5 5. Nxe5 dxe5 6. Qxd8+ Kxd8 7. Nc3 Bb4
8. a3 Bxc3+ 9. bxc3 Nf6 10. Bd3 Bg4 11. f3 Bh5 12. g4 Bg6 13. g5 Nh5 14. h4 f6
15. Rb1 b6 16. Be3 Rf8 17. Ba6 Ke8 18. Bb5+ Ke7 19. Ke2 Ng3+ 20. Kf2 Nxh1+ 21.
Rxh1 fxg5 22. Bxg5+ Ke6 23. h5 Bxe4 24. Bc4+ Kd6 25. Rd1+ Kc5 26. Be7+ Kxc4 27.
Bxf8 Rxf8 28. Ke3 Bxf3 29. Rf1 e4 30. Rg1 Rf7 0-1

[Event "Challenge"]
[Site "http://www.queenalice.com/game.php?id=1410764"]
[Date "2016.2.23"]
[Round "-"]
[White "tiagomdorini"]
[Black "kamicrazy"]
[Result "1/2-1/2"]
[WhiteElo "1489"]
[BlackElo "1421"]

1. d4 e6 2. Nf3 Bb4+ 3. c3 c5 4. cxb4 cxb4 5. Bd2 d5 6. Bxb4 Nf6 7. e3 Nc6 8.
Qa4 Bd7 9. Nc3 Nxb4 10. Qxb4 a5 11. Qxb7 Qc8 12. Qb3 a4 13. Qb4 Ne4 14. Bb5 Bxb5
15. Qxb5+ Qd7 16. Qxd7+ Kxd7 17. Ng5 Nxg5 18. h4 Rab8 19. b3 axb3 20. axb3 Rxb3
21. Ra7+ Ke8 22. Ra8+ Ke7 23. Rxh8 Rxc3 24. hxg5 Rc1+ 25. Ke2 Rxh1 26. f4 f5 27.
g6 Rh2 28. gxh7 Rxg2+ 29. Kd3 Rh2 30. Kc3 Rh3 31. Kd3 g6 32. Ke2 Kf6 33. Rf8+
Kg7 34. h8=Q+ Rxh8 35. Rxh8 Kxh8 36. Kd3 1/2-1/2

[Event "Challenge"]
[Site "http://www.queenalice.com/game.php?id=1410765"]
[Date "2016.2.23"]
[Round "-"]
[White "kamicrazy"]
[Black "tiagomdorini"]
[Result "0-1"]
[WhiteElo "1414"]
[BlackElo "1475"]

1. e4 e5 2. Nf3 Nc6 3. Bc4 d6 4. b3 Nb4 5. O-O Bg4 6. c3 Bxf3 7. gxf3 Nf6 8. Re1
d5 9. Ba3 dxe4 10. fxe4 Nc6 11. Bb5 Qd7 12. d3 a6 13. Bxc6 Qxc6 14. c4 Bc5 15.
Nc3 b6 16. b4 Bd4 17. b5 axb5 18. cxb5 Qxc3 19. Rb1 Qxa3 20. Rc1 Qxa2 21. Rxc7
Qxf2+ 22. Kh1 Ng4 23. Rf1 Qxh2# 0-1

[Event "Challenge"]
[Site "http://www.queenalice.com/game.php?id=1414020"]
[Date "2016.3.19"]
[Round "-"]
[White "jbugg"]
[Black "tiagomdorini"]
[Result "0-1"]
[WhiteElo "1441"]
[BlackElo "1487"]

1. e4 e5 2. Nf3 d6 3. Bc4 c5 4. d3 Bg4 5. O-O f5 6. Nc3 fxe4 7. dxe4 Nf6 8. Bd3
Nc6 9. h3 Bxh3 10. gxh3 Qc8 11. Ng5 h6 12. Qg4 Nxg4 13. hxg4 hxg5 14. Be2 Nd4
15. Bb5+ Nxb5 16. Nxb5 Qxg4# 0-1

[Event "Scorpio"]
[Site "http://www.queenalice.com/game.php?id=1414487"]
[Date "2016.3.22"]
[Round "-"]
[White "joao37"]
[Black "tiagomdorini"]
[Result "1-0"]
[WhiteElo "1389"]
[BlackElo "1497"]

1. e3 e5 2. d4 Nc6 3. Bd3 exd4 4. exd4 Nxd4 5. Nf3 c5 6. Nxd4 cxd4 7. Be4 Bc5 8.
O-O Nf6 9. Bf3 b6 10. Bxa8 O-O 11. Na3 Ba6 12. Re1 Qxa8 13. c3 Re8 14. cxd4
Rxe1+ 15. Qxe1 Bxd4 16. Nc2 Qd5 17. Nb4 Qa5 18. Bg5 Ng4 19. Be3 Bxb2 20. Bxb6
Qxb6 21. Qe8# 1-0

[Event "Challenge"]
[Site "http://www.queenalice.com/game.php?id=1415744"]
[Date "2016.3.30"]
[Round "-"]
[White "tiagomdorini"]
[Black "jbugg"]
[Result "1/2-1/2"]
[WhiteElo "1501"]
[BlackElo "1407"]

1. d4 d5 2. Nc3 Nf6 3. Bg5 Nc6 4. Bxf6 exf6 5. e3 Bf5 6. g4 Be4 7. f3 Bg6 8. f4
Nb4 9. a3 Nxc2+ 10. Ke2 Nxa1 11. Qxa1 Qd7 12. Bh3 Qe6 13. f5 Qa6+ 14. Kd2 Qc6
15. fxg6 hxg6 16. Bg2 O-O-O 17. Qa2 Qc4 18. Bxd5 Qf1 19. Bxf7 Qg2+ 20. Kd3 Qxh1
21. Bd5 Qxg1 22. Qb3 Qf1+ 23. Ne2 Rxh2 24. Qxb7+ Kd7 25. Qc6+ Kc8 26. Qb7+ Kd7
27. Qc6+ Kc8 28. Qb7+ Kd7 29. Qc6+ Kc8 1/2-1/2

[Event "Challenge"]
[Site "http://www.queenalice.com/game.php?id=1416122"]
[Date "2016.4.1"]
[Round "-"]
[White "pj"]
[Black "tiagomdorini"]
[Result "1-0"]
[WhiteElo "1494"]
[BlackElo "1481"]

1. e4 e5 2. g4 Nf6 3. f3 h5 4. g5 Nxe4 5. fxe4 Qxg5 6. d4 Qf6 7. c3 Nc6 8. d5
Na5 9. b4 Qh4+ 10. Kd2 Qxe4 11. Qf3 Nc4+ 12. Bxc4 Qxc4 13. Na3 e4 14. Qe3 Qxd5+
15. Kc2 f5 16. Ne2 Bxb4 17. cxb4 a5 18. Nc3 Qe5 19. b5 a4 20. Bb2 c6 21. Nxa4
Qc7 22. Nb6 cxb5+ 23. Kb1 f4 24. Qd4 Ra6 25. Qxg7 Rf8 26. Qg6+ Rf7 27. Bd4 Rxa3
28. Qxe4+ Kf8 29. Qg6 d6 30. Rc1 Bf5+ 31. Qxf5 Qxb6 32. Qc8+ 1-0

[Event "Challenge"]
[Site "http://www.queenalice.com/game.php?id=1416123"]
[Date "2016.4.1"]
[Round "-"]
[White "tiagomdorini"]
[Black "pj"]
[Result "1-0"]
[WhiteElo "1436"]
[BlackElo "1491"]

1. e4 e5 2. Nf3 f6 3. d4 d6 4. dxe5 dxe5 5. Nc3 c6 6. Bc4 Nh6 7. Bxh6 gxh6 8.
Qxd8+ Kxd8 9. Rd1+ Ke8 10. O-O b5 11. Bxb5 cxb5 12. Nxb5 Na6 13. Nd6+ Bxd6 14.
Rxd6 Ke7 15. Rfd1 Nb8 16. b3 a5 17. Nxe5 fxe5 18. Rxh6 Ra6 19. Rh5 Re6 20. a4
Nc6 21. f3 Nb4 22. c3 Na2 23. Rd5 Kf6 24. c4 Nc3 25. Rxa5 Bd7 26. c5 Be8 27.
Rh6+ Kf7 28. Ra7+ Re7 29. Raa6 Ne2+ 30. Kf2 Nf4 31. c6 Nd3+ 32. Ke3 Nb4 33. Rb6
Nc2+ 34. Kd2 Nd4 35. b4 Kg7 36. Rd6 Bg6 37. Rb7 Rc8 38. Rxe7+ Bf7 39. Rxe5 Nxc6
40. Rc5 Ne7 41. Rxc8 Nxc8 42. Rc6 Ne7 43. b5 Kf8 44. Rh6 Kg7 45. Ra6 Ng6 46. b6
Bc4 47. Ra7+ Kh6 48. b7 Ne7 49. b8=Q Nc6 50. Qd6+ Kh5 51. Qxc6 Bg8 52. Ra5+ Kh4
53. Qf6# 1-0

[Event "Challenge"]
[Site "http://www.queenalice.com/game.php?id=1416152"]
[Date "2016.4.1"]
[Round "-"]
[White "Nonato65"]
[Black "tiagomdorini"]
[Result "1-0"]
[WhiteElo "1657"]
[BlackElo "1490"]

1. e4 e5 2. f4 exf4 3. Nf3 d5 4. e5 Nc6 5. d4 Bg4 6. Be2 Bxf3 7. Bxf3 f6 8. Bxf4
g5 9. Bh5+ Ke7 10. O-O gxf4 11. Rxf4 fxe5 12. Rf7+ Kd6 13. c4 Nxd4 14. Nc3 dxc4
15. Qa4 b5 16. Nxb5+ Nxb5 17. Qxb5 c6 18. Rd1+ Ke6 19. Qxc4+ 1-0

[Event "Challenge"]
[Site "http://www.queenalice.com/game.php?id=1416536"]
[Date "2016.4.3"]
[Round "-"]
[White "jbugg"]
[Black "tiagomdorini"]
[Result "0-1"]
[WhiteElo "1409"]
[BlackElo "1477"]

1. e4 e5 2. Nf3 Nf6 3. Nc3 Bb4 4. Nxe5 Bxc3 5. dxc3 Nxe4 6. Nf3 d5 7. Bd3 O-O 8.
Qe2 Re8 9. O-O Bg4 10. Qe3 Bxf3 11. Qxf3 Ng5 12. Qg3 Ne6 13. Bf5 g6 14. Bd3 Nc6
15. b4 d4 16. Be2 dxc3 17. Qxc3 Ned4 18. Bd3 Qe7 19. Be3 Rad8 20. b5 Nb4 21.
Bxd4 Nd5 22. Qd2 Qb4 23. c3 Qd6 24. Bxa7 b6 25. Rfe1 Ra8 26. Rxe8+ Rxe8 27. c4
Nb4 28. Re1 Ra8 29. Bxb6 cxb6 30. Rb1 Rxa2 31. Qc3 Nxd3 32. Rd1 Ra3 33. Qd2 Qb4
34. Qh6 Qb3 35. Qd2 Qxc4 36. Qe2 Qxb5 37. h4 Qe5 38. Qd2 Qh5 39. g3 Qc5 40. Rf1
b5 41. Kg2 b4 42. Kh3 b3 43. Qxd3 b2 44. f3 Rxd3 0-1

[Event "Challenge"]
[Site "http://www.queenalice.com/game.php?id=1417009"]
[Date "2016.4.6"]
[Round "-"]
[White "tiagomdorini"]
[Black "jbugg"]
[Result "0-1"]
[WhiteElo "1466"]
[BlackElo "1376"]

1. e4 e5 2. Nf3 Nc6 3. c3 Nf6 4. d4 d5 5. Nxe5 dxe4 6. Bc4 Be6 7. Bb5 Qd5 8. c4
Qd6 9. Qa4 Qxd4 10. Nxc6 bxc6 11. Bxc6+ Bd7 12. Nd2 Be7 13. Nxe4 Nxe4 14. Be3
Qxb2 15. Rd1 Nf6 16. Bxd7+ Kf8 17. Bd4 Qb4+ 18. Qxb4 Bxb4+ 19. Ke2 Rd8 20. Bxf6
gxf6 21. Rd4 c5 22. Rd6 Ke7 23. Rhd1 Bc3 24. R1d3 Be5 25. R6d5 Bxh2 26. Rxc5
Rxd7 27. g3 Rxd3 28. Kxd3 f5 29. Rxf5 Rd8+ 30. Kc3 Kf8 31. Rh5 Bg1 32. Rf5 Kg7
33. Rf3 h5 34. g4 h4 35. Rd3 Rh8 36. Rd2 h3 37. Rd1 Bxf2 38. Rh1 h2 39. Kb4 Bg3
40. c5 Rb8+ 41. Kc4 Rb2 42. c6 Rxa2 43. Rd1 Ra4+ 44. Kc5 Rxg4 45. Ra1 f5 46.
Rxa7+ Kg6 47. Ra1 Be5 48. Kd5 Bxa1 0-1

[Event "Challenge"]
[Site "http://www.queenalice.com/game.php?id=1417193"]
[Date "2016.4.8"]
[Round "-"]
[White "tiagomdorini"]
[Black "krystian"]
[Result "0-1"]
[WhiteElo "1446"]
[BlackElo "1589"]

1. d4 Nf6 2. Nc3 e6 3. Nf3 d5 4. Bf4 Bb4 5. a3 Bxc3+ 6. bxc3 O-O 7. e3 Nbd7 8.
Ng5 h6 9. Bd3 hxg5 10. Bxg5 c5 11. Bxf6 Qxf6 12. Qh5 g6 13. Qh3 e5 14. g4 exd4
15. f4 dxe3 16. f5 Qxc3+ 17. Kf1 Qxa1+ 18. Kg2 Qf6 19. fxg6 Qf2# 0-1

[Event "Challenge"]
[Site "http://www.queenalice.com/game.php?id=1417976"]
[Date "2016.4.12"]
[Round "-"]
[White "pj"]
[Black "tiagomdorini"]
[Result "0-1"]
[WhiteElo "1469"]
[BlackElo "1437"]

1. e4 e5 2. c4 Nf6 3. f3 c5 4. a4 Nc6 5. h4 h5 6. g4 a5 7. g5 Nh7 8. d3 Nb4 9.
f4 f6 10. g6 d5 11. gxh7 Bg4 12. Be2 Nxd3+ 13. Kd2 Nf2 14. Qf1 dxe4+ 15. Ke1
Nxh1 16. Bxg4 hxg4 17. Qg2 exf4 18. Bxf4 g5 19. hxg5 fxg5 20. Bh2 g3 21. Qxe4+
Qe7 22. Qxe7+ Bxe7 23. Bxg3 Nxg3 24. Ra3 Ne4 25. Re3 Nd6 26. b3 Rxh7 27. Nc3 Rh1
28. Kf1 Rh2 29. Nf3 Rb2 30. Nd5 Nf5 31. Re5 Rb1+ 32. Ke2 Nd4+ 33. Nxd4 cxd4 34.
Nc7+ Kd7 35. Nxa8 Rxb3 36. Rd5+ Ke6 37. Rxd4 Rb4 38. Nc7+ Ke5 39. Rd5+ Kf6 40.
Rxa5 Rxc4 41. Nd5+ Ke6 42. Nb6 Rc2+ 43. Kd3 Ra2 44. Kc3 g4 45. Kb3 Ra3+ 46. Kb2
g3 47. Nc4 b6 48. Re5+ Kf6 49. Re1 Rxa4 50. Kb3 Ra6 51. Rf1+ Ke6 52. Rg1 Bd6 53.
Rd1 b5 54. Nd2 Ra4 55. Re1+ Kd5 56. Nf3 g2 57. Rd1+ Ke4 58. Ng1 Bc5 59. Nh3 Ra3+
60. Kb2 Rxh3 61. Re1+ Be3 62. Kc2 g1=Q 63. Rxg1 Bxg1 64. Kd2 b4 65. Kc2 b3+ 66.
Kb2 Bd4+ 67. Ka3 b2+ 68. Ka2 Rh1 69. Kb3 b1=Q+ 70. Kc4 Rc1# 0-1

[Event "Challenge"]
[Site "http://www.queenalice.com/game.php?id=1417977"]
[Date "2016.4.12"]
[Round "-"]
[White "tiagomdorini"]
[Black "pj"]
[Result "0-1"]
[WhiteElo "1452"]
[BlackElo "1469"]

1. e4 e5 2. Nf3 f6 3. d4 d6 4. d5 g5 5. h3 h5 6. a3 c6 7. Nc3 cxd5 8. Nxd5 Be6
9. Ne3 b5 10. Bxb5+ Bd7 11. Nf5 Bxb5 12. Qd5 Bc6 13. Qe6+ Ne7 14. Qxf6 Rh7 15.
Nxd6+ Kd7 16. Nxe5+ Kc7 17. Nef7 Qd7 18. O-O Bg7 19. Qxg5 Bh6 20. Qxh5 Bxc1 21.
Qxh7 Bxb2 22. Ra2 Bd4 23. e5 Qe6 24. Qh4 Bxe5 25. Re1 Nd7 26. c4 Rg8 27. f4
Rxg2+ 28. Rxg2 Bd4+ 29. Kh2 Qd5 30. cxd5 Nxd5 31. Ne8+ Kb6 32. Rb1+ Ka6 33. Rd2
Be3 34. Nc7+ Nxc7 35. Rxd7 Bxd7 36. Qf6+ Bb6 37. h4 Nb5 38. h5 Nxa3 39. Ra1 Kb7
40. Rxa3 Bc6 41. Nd8+ Bxd8 42. Qxd8 a6 43. h6 Be4 44. Rb3+ Kc6 45. Qb6+ Kd7 46.
Qxa6 Bf5 47. Rb7+ Kd8 48. Qa8+ Bc8 49. Rb8 Ke7 0-1

[Event "Challenge"]
[Site "http://www.queenalice.com/game.php?id=1418708"]
[Date "2016.4.16"]
[Round "-"]
[White "tiagomdorini"]
[Black "betofortaleza"]
[Result "0-1"]
[WhiteElo "1454"]
[BlackElo "1803"]

1. e4 e5 2. Nf3 Nc6 3. Nc3 Bc5 4. d4 Nxd4 5. Nxd4 Bxd4 6. Ne2 d6 7. c3 Bb6 8.
Be3 Bxe3 9. fxe3 Qh4+ 10. g3 Qxe4 0-1